Catálogo

El placer de descubrir / (Registro nro. 25378)

Detalles MARC
000 -LEADER
fixed length control field 01230cam a2200325 i 4500
001 - CONTROL NUMBER
control field 25378
003 - CONTROL NUMBER IDENTIFIER
control field Mx-PuUPA
005 - DATE AND TIME OF LATEST TRANSACTION
control field 20250825094041.0
008 - FIXED-LENGTH DATA ELEMENTS--GENERAL INFORMATION
fixed length control field 140415s2004 sp gr 000 0 spa d
017 ## - COPYRIGHT OR LEGAL DEPOSIT NUMBER
Copyright or legal deposit number B. 28.746-2004
020 ## - INTERNATIONAL STANDARD BOOK NUMBER
International Standard Book Number 8484321061
Qualifying information pasta dura
040 ## - CATALOGING SOURCE
Original cataloging agency Mx-PuUPA
Language of cataloging spa
Transcribing agency Mx-PuUPA
Modifying agency Mx-PuUPA
Description conventions rda
041 1# - LANGUAGE CODE
Language code of text/sound track or separate title spa
Language code of original eng
100 1# - MAIN ENTRY--PERSONAL NAME
Personal name Feynman, Richard P.,
Fuller form of name (Richard Phillips),
Dates associated with a name 1918-1988
9 (RLIN) 5075
Relator term autor
240 14 - UNIFORM TITLE
Uniform title The pleasure of finding things out.
Language of a work Español
245 13 - TITLE STATEMENT
Title El placer de descubrir /
Statement of responsibility, etc. Richard P. Feynman ; traducción castellana de Javier García Sanz
250 ## - EDITION STATEMENT
Edition statement Segunda edición /
Remainder of edition statement junio
264 #1 - PRODUCTION, PUBLICATION, DISTRIBUTION, MANUFACTURE, AND COPYRIGHT NOTICE
Place of production, publication, distribution, manufacture Barcelona :
Name of producer, publisher, distributor, manufacturer Editorial Crítica,
Date of production, publication, distribution, manufacture, or copyright notice 2004
300 ## - PHYSICAL DESCRIPTION
Extent 217 páginas ;
Dimensions 23 cm
600 14 - SUBJECT ADDED ENTRY--PERSONAL NAME
Personal name Feynman, Richar Phillips,
Dates associated with a name 1918-1988
General subdivision Crítica e interpretación
650 #7 - SUBJECT ADDED ENTRY--TOPICAL TERM
Source of heading or term armarc
Topical term or geographic name entry element Ciencia
650 #7 - SUBJECT ADDED ENTRY--TOPICAL TERM
Source of heading or term armarc
Topical term or geographic name entry element Física
Form subdivision Ensayos y conferencias
650 #7 - SUBJECT ADDED ENTRY--TOPICAL TERM
Source of heading or term armarc
Topical term or geographic name entry element Religión y ciencia
700 1# - ADDED ENTRY--PERSONAL NAME
Personal name García Sanz, Javier,
Relator term traductor
765 0# - ORIGINAL LANGUAGE ENTRY
Main entry heading Feynman, Richard P.
Place, publisher, and date of publication Barcelona : Perseus Book Publising, ©1999
Title The pleasure of finding things out.
942 ## - ADDED ENTRY ELEMENTS (KOHA)
Source of classification or shelving scheme Dewey Decimal Classification
Koha item type Libro
Classification part 500
Item part F4318
Existencias
Withdrawn status Lost status Source of classification or shelving scheme Damaged status Not for loan Collection code Home library Current library Shelving location Date acquired Source of acquisition Total Checkouts Full call number Barcode Date last seen Price effective from Koha item type
    Dewey Decimal Classification     General Centro de Estudios en Ciencia y Religión Centro de Estudios en Ciencia y Religión Sala general 03/12/2013 Compra   500 F4318 2004 47275 05/01/2026 03/12/2013 Libro